LEADER 00948nam0-2200289 --450 001 9910310358503321 005 20190304114915.0 010 $a9780521596763 100 $a20190304d2001----kmuy0itay5050 ba 101 0 $alat$aeng 102 $aGB 105 $aaf 001yy 200 1 $aDivus Claudius$fSuetonius$gedited by Donna W. Hurley 210 $aCambridge$cCambridge university press$d2001 215 $aVIII, 272 p., [3] p. di tav.$cill.$d20 cm 225 1 $aCambridge Greek and Latin classics 500 10$aDe vita Caesarum liber quintus Divus Claudius$91546508 676 $a870.01$v22$zita 700 1$aSuetonius Tranquillus,$bGaius$0554853 702 1$aHurley,$bDonna W. 801 0$aIT$bUNINA$gREICAT$2UNIMARC 901 $aBK 912 $a9910310358503321 952 $aP2B 640 CAMBR. SUETON. 407A 2001$bBIBL. 2019$fFLFBC 959 $aFLFBC 996 $aDe vita Caesarum liber quintus Divus Claudius$91546508 997 $aUNINA LEADER 01007nam a2200265 i 4500 001 991000052789707536 005 20020503113244.0 008 980320s1956 uk ||| | eng 035 $ab10020093-39ule_inst 035 $aocm00009527$9ExL 040 $aDip.to Beni Culturali$bita 100 1 $aAndrewes, Anthony$0459534 245 14$aThe Greek tyrants /$cA. Andrewes 260 $aLondon :$bHutchinson's University Library,$c1956 300 $a167 p. (p. 165-167 advertisements) :$bmap (on lining papers) ;$c20 cm. 490 0 $aHutchinson's university library : Classical history and literature 500 $a"Bibliography and notes" p. 153-162 650 4$aDictators 650 4$aGreece - History 907 $a.b10020093$b17-02-17$c31-05-02 912 $a991000052789707536 945 $aLE001 SG V 3$g1$i2001000039395$lle001$o-$pE0.00$q-$rl$s- $t0$u0$v0$w0$x0$y.i10022995$z31-05-02 996 $aGreek tyrants$9178743 997 $aUNISALENTO 998 $ale001$b01-01-98$cm$da $e-$feng$guk $h4$i1